| 000 | 00556nam a22002417a 4500 | ||
|---|---|---|---|
| 005 | 20240508090011.0 | ||
| 008 | 160115b2000 xxu||||| |||| 00| 0 spa d | ||
| 020 | _a8789127247 | ||
| 041 | _aESP | ||
| 041 | _aING | ||
| 082 | _a917.286.04 G943g | ||
| 245 | _aGuía del Parque Nacional Volcán Poás | ||
| 260 | _aCosta Rica | ||
| 260 | _bINCAFO | ||
| 260 | _c2005 | ||
| 300 | _a24 páginas | ||
| 650 | _aGUÍA TURÍSTICA | ||
| 650 | _aVOLCANES | ||
| 650 | _aVOLCÁN POÁS | ||
| 650 | _aPARQUES NACIONALES | ||
| 942 |
_cBK _2ddc |
||
| 999 |
_c7385 _d7385 |
||